[Event "CZE-chT2B 2223"]
[Site "Czech Republic"]
[Date "2022.11.06"]
[Round "2.6"]
[White "Molkanov, Oleg"]
[Black "Novacek, Jan"]
[Result "1/2-1/2"]
[WhiteElo "2030"]
[BlackElo "2000"]
[PlyCount "108"]
[EventDate "2022.10.16"]
[EventType "team-tourn"]
[EventRounds "11"]
[EventCountry "CZE"]
[SourceTitle "EXT 2024"]
[Source "ChessBase"]
[SourceDate "2023.10.10"]
[SourceVersion "1"]
[SourceVersionDate "2023.10.10"]
[SourceQuality "1"]
[WhiteTeam "Kobylisy"]
[BlackTeam "Litomerice II"]
[WhiteTeamCountry "CZE"]
[BlackTeamCountry "CZE"]

1. d4 d5 2. Nf3 Nc6 3. g3 Bg4 4. Bg2 e6 5. Nbd2 Nf6 6. 0-0 Be7 7. c3 a5 8. Qb3 Rb8 9. Re1 0-0 10. e4 dxe4 11. Nxe4 Nxe4 12. Rxe4 Bf5 13. Re1 Bf6 14. Ne5 Bxe5 15. dxe5 Qd3 16. Bg5 h6 17. Bf4 g5 18. Rad1 Qc2 19. Qxc2 Bxc2 20. Rd2 Bf5 21. Bxc6 bxc6 22. Be3 Rb5 23. f4 g4 24. c4 Rbb8 25. Red1 a4 26. Bc5 Rfe8 27. Ba3 Be4 28. Rd7 Bf3 29. R1d2 Rbc8 30. Kf2 Be4 31. Rd1 Kg7 32. Ke3 Bf5 33. Kd4 Red8 34. Kc5 Rxd7 35. Rxd7 Be4 36. Rd4 Bf3 37. Kb4 Ra8 38. Rd7 h5 39. Kc3 h4 40. Be7 hxg3 41. hxg3 Kg6 42. Bf6 a3 43. b4 c5 44. b5 Ra4 45. Rxc7 Rb4 46. Ra7 Be2 47. Rxa3 Bxc4 48. b6 Bd5 49. Be7 Rxb6 50. Bxc5 Rb1 51. Kd4 Rb2 52. Be7 Rf2 53. Rc3 Rxa2 54. Rc8 Ra8 1/2-1/2

[Event "Pardubice Czech op-E 30th"]
[Site "Pardubice"]
[Date "2019.07.14"]
[Round "6.4"]
[White "Mrazek, Lumir"]
[Black "Molkanov, Oleg"]
[Result "1/2-1/2"]
[WhiteElo "2354"]
[BlackElo "2211"]
[PlyCount "95"]
[EventDate "2019.07.11"]
[EventType "team-swiss"]
[EventRounds "7"]
[EventCountry "CZE"]
[SourceTitle "EXT 2020"]
[Source "ChessBase"]
[SourceDate "2019.10.17"]
[SourceVersion "1"]
[SourceVersionDate "2019.10.17"]
[SourceQuality "1"]
[WhiteTeam "Utek z Vezeni"]
[BlackTeam "Kobylisy"]
[WhiteTeamCountry "CZE"]
[BlackTeamCountry "CZE"]

1. e4 c6 2. d4 d5 3. f3 e6 4. Nc3 Bb4 5. Nge2 Nf6 6. Qd3 h6 7. a3 Ba5 8. Bf4 0-0 9. Bg3 b5 10. Bh4 b4 11. axb4 Ba6 12. Qd2 Bxb4 13. e5 Ne4 14. Bxd8 Nxd2 15. Bc7 Nxf1 16. Rxf1 Bc4 17. Ba5 Be7 18. Na4 Nd7 19. b4 f6 20. f4 fxe5 21. fxe5 Rxf1+ 22. Kxf1 Rf8+ 23. Ke1 Bh4+ 24. g3 Bg5 25. Nb2 Bb5 26. Nd3 Rf3 27. Ng1 Re3+ 28. Kf2 Re4 29. Re1 Bxd3 30. cxd3 Rxd4 31. h4 Be7 32. Ne2 Rxd3 33. Nf4 Rd2+ 34. Kf3 Rb2 35. Nxe6 Bxb4 36. Bxb4 Rxb4 37. Nd8 c5 38. e6 Nf6 39. Ra1 Re4 40. Rxa7 c4 41. Rc7 h5 42. Rc8 Kh7 43. Nf7 Kg6 44. Ng5 Re1 45. Rc5 Kf5 46. Rc7 Kg6 47. Rc5 Kf5 48. Rc7 1/2-1/2

[Event "Pardubice Czech op-E 30th"]
[Site "Pardubice"]
[Date "2019.07.13"]
[Round "4.2"]
[White "Molkanov, Oleg"]
[Black "Belyakov, Bogdan"]
[Result "0-1"]
[WhiteElo "2211"]
[BlackElo "2500"]
[PlyCount "88"]
[EventDate "2019.07.11"]
[EventType "team-swiss"]
[EventRounds "7"]
[EventCountry "CZE"]
[SourceTitle "EXT 2020"]
[Source "ChessBase"]
[SourceDate "2019.10.17"]
[SourceVersion "1"]
[SourceVersionDate "2019.10.17"]
[SourceQuality "1"]
[WhiteTeam "Kobylisy"]
[BlackTeam "Yamal"]
[WhiteTeamCountry "CZE"]
[BlackTeamCountry "RUS"]

1. d4 Nf6 2. c4 g6 3. Nc3 Bg7 4. Nf3 0-0 5. e4 d6 6. Be2 e5 7. d5 a5 8. Be3 Ng4 9. Bg5 f6 10. Bh4 Na6 11. Nd2 Nh6 12. f3 Nf7 13. 0-0 Bh6 14. Bf2 f5 15. exf5 gxf5 16. Nb3 b6 17. Bd3 Nh8 18. Qe2 Ng6 19. g3 Nb4 20. Bb1 a4 21. Nc1 a3 22. bxa3 Na6 23. Nb3 Nc5 24. Nxc5 bxc5 25. Bd3 Rxa3 26. Qb2 Ra6 27. Qc2 Bg7 28. Rab1 Ra8 29. a4 Bd7 30. Rb7 Qc8 31. Rfb1 Kh8 32. R7b2 Bf6 33. Ra2 Rg8 34. Kh1 h5 35. Rg1 Ne7 36. Qe2 Be8 37. Qd2 Bg5 38. Qd1 Bf7 39. Re2 c6 40. h4 Bh6 41. Bxc5 dxc5 42. Rxe5 Qc7 43. Qe1 Rae8 44. f4 Bg7 0-1

[Event "CZE-chT U18 Extraliga final-B 1819"]
[Site "Czech Republic"]
[Date "2019.04.13"]
[Round "10.1"]
[White "Molkanov, Oleg"]
[Black "Sramek, Vojtech"]
[Result "1-0"]
[WhiteElo "2020"]
[BlackElo "2103"]
[PlyCount "73"]
[EventDate "2018.10.05"]
[EventType "team-tourn"]
[EventRounds "11"]
[EventCountry "CZE"]
[SourceTitle "EXT 2023"]
[Source "ChessBase"]
[SourceDate "2022.10.05"]
[SourceVersion "1"]
[SourceVersionDate "2022.10.05"]
[SourceQuality "1"]
[WhiteTeam "Praha Kobylisy (U18)"]
[BlackTeam "Orlova Slavia (U18)"]
[WhiteTeamCountry "CZE"]
[BlackTeamCountry "CZE"]

1. d4 Nf6 2. Nf3 c5 3. d5 b5 4. Bg5 Qb6 5. Bxf6 Qxf6 6. c3 d6 7. Qb3 a6 8. a4 b4 9. cxb4 Nd7 10. bxc5 Rb8 11. Qc3 Rxb2 12. Qxf6 Nxf6 13. cxd6 Nxd5 14. e4 Nb4 15. Na3 exd6 16. Bc4 Be7 17. 0-0 0-0 18. Rab1 Rxb1 19. Rxb1 a5 20. Nd4 g6 21. Nb3 d5 22. exd5 Nxd5 23. Bxd5 Bxa3 24. Nxa5 Bf5 25. Rb3 Re8 26. Re3 Rd8 27. Bf3 Bc5 28. Nb7 Rb8 29. Rb3 Re8 30. g4 Re1+ 31. Kg2 Be6 32. Nxc5 Bxb3 33. Nxb3 f5 34. gxf5 gxf5 35. a5 Re7 36. a6 Rg7+ 37. Kf1 1-0

[Event "CZE-chT U18 Extraliga final-B 1819"]
[Site "Czech Republic"]
[Date "2019.04.13"]
[Round "9.1"]
[White "Zidek, Daniel"]
[Black "Molkanov, Oleg"]
[Result "0-1"]
[WhiteElo "1786"]
[BlackElo "2020"]
[PlyCount "46"]
[EventDate "2018.10.05"]
[EventType "team-tourn"]
[EventRounds "11"]
[EventCountry "CZE"]
[SourceTitle "EXT 2023"]
[Source "ChessBase"]
[SourceDate "2022.10.05"]
[SourceVersion "1"]
[SourceVersionDate "2022.10.05"]
[SourceQuality "1"]
[WhiteTeam "Frydek Mistek BSS (U18) II"]
[BlackTeam "Praha Kobylisy (U18)"]
[WhiteTeamCountry "CZE"]
[BlackTeamCountry "CZE"]

1. d4 f5 2. c4 Nf6 3. Nf3 g6 4. g3 Bg7 5. Bg2 0-0 6. 0-0 d6 7. Nc3 Nc6 8. d5 Na5 9. Qd3 c5 10. Rb1 Ne4 11. Bd2 Nxd2 12. Nxd2 Rb8 13. a3 b6 14. b4 Nb7 15. f4 Ra8 16. e4 cxb4 17. axb4 a5 18. bxa5 Rxa5 19. Nb3 Ra3 20. Rfc1 Nc5 21. Nxc5 bxc5 22. Qd2 Bd4+ 23. Kh1 Qa5 0-1

[Event "CZE-chT U18 Extraliga West 1819"]
[Site "Czech Republic"]
[Date "2019.01.19"]
[Round "7.1"]
[White "Molkanov, Oleg"]
[Black "Vitak, Jiri"]
[Result "1/2-1/2"]
[WhiteElo "2020"]
[BlackElo "2064"]
[PlyCount "42"]
[EventDate "2018.10.05"]
[EventType "team-tourn"]
[EventRounds "11"]
[EventCountry "CZE"]
[SourceTitle "EXT 2023"]
[Source "ChessBase"]
[SourceDate "2022.10.05"]
[SourceVersion "1"]
[SourceVersionDate "2022.10.05"]
[SourceQuality "1"]
[WhiteTeam "Praha Kobylisy (U18)"]
[BlackTeam "Liberec Desko (U18)"]
[WhiteTeamCountry "CZE"]
[BlackTeamCountry "CZE"]

1. d4 Nf6 2. Nf3 e6 3. g3 d5 4. Bg2 Be7 5. 0-0 0-0 6. c4 Nbd7 7. Qc2 c6 8. Nbd2 b6 9. e4 Ba6 10. Rd1 Nxe4 11. Nxe4 dxe4 12. Ne5 Nxe5 13. dxe5 Qc7 14. Qxe4 Rad8 15. Be3 c5 16. b3 Rb8 17. Qg4 Rfd8 18. Bh6 g6 19. h4 Bb7 20. Bxb7 Rxb7 21. Rxd8+ Qxd8 1/2-1/2

[Event "CZE-chT U18 Extraliga West 1819"]
[Site "Czech Republic"]
[Date "2018.12.08"]
[Round "5.1"]
[White "Zeman, Matyas"]
[Black "Molkanov, Oleg"]
[Result "1-0"]
[WhiteElo "2218"]
[BlackElo "2020"]
[PlyCount "95"]
[EventDate "2018.10.05"]
[EventType "team-tourn"]
[EventRounds "11"]
[EventCountry "CZE"]
[SourceTitle "EXT 2023"]
[Source "ChessBase"]
[SourceDate "2022.10.05"]
[SourceVersion "1"]
[SourceVersionDate "2022.10.05"]
[SourceQuality "1"]
[WhiteTeam "Jicin (U18)"]
[BlackTeam "Praha Kobylisy (U18)"]
[WhiteTeamCountry "CZE"]
[BlackTeamCountry "CZE"]

1. e4 c6 2. d4 d5 3. exd5 cxd5 4. Bd3 Nf6 5. c3 Nc6 6. Bf4 Bg4 7. Qb3 Qc8 8. h3 Bh5 9. Nd2 e6 10. Ne2 Be7 11. Bh2 Bg6 12. Nf4 Bxd3 13. Nxd3 0-0 14. 0-0 Na5 15. Qa4 Nc4 16. Nxc4 Qxc4 17. Qd1 Ne4 18. f3 Nd6 19. Ne5 Qb5 20. Qb3 f6 21. Qxb5 Nxb5 22. Nd3 Bd6 23. Rfe1 Bxh2+ 24. Kxh2 Kf7 25. Re2 Rfe8 26. Rae1 Re7 27. g4 Nd6 28. Kg3 Rae8 29. h4 h6 30. h5 Rc7 31. a4 Rce7 32. Nf4 Nc4 33. Kf2 Nb6 34. b3 Nc8 35. Ke3 e5 36. dxe5 Rxe5+ 37. Kd4 Rxe2 38. Rxe2 Rxe2 39. Nxe2 Ne7 40. Nf4 Nc6+ 41. Kxd5 Ne5 42. Ke4 Ke8 43. Ne6 Kf7 44. Nd8+ Ke7 45. Nxb7 Kd7 46. Nc5+ Kd6 47. Nd3 Nc6 48. b4 1-0

[Event "Klatovy op-A 24th"]
[Site "Klatovy"]
[Date "2018.07.08"]
[Round "9"]
[White "Molkanov, Oleg"]
[Black "Dolansky, Lukas"]
[Result "1-0"]
[WhiteElo "2051"]
[BlackElo "2184"]
[PlyCount "65"]
[EventDate "2018.06.30"]
[EventType "swiss"]
[EventRounds "9"]
[EventCountry "CZE"]
[SourceTitle "EXT 2019"]
[Source "ChessBase"]
[SourceDate "2018.10.10"]
[SourceVersion "1"]
[SourceVersionDate "2018.10.10"]
[SourceQuality "1"]

1. d4 d5 2. c4 e6 3. Nf3 Nf6 4. g3 Be7 5. Bg2 0-0 6. 0-0 c6 7. Nbd2 Nbd7 8. Qc2 b6 9. e4 Bb7 10. Rd1 Rc8 11. b3 Qc7 12. Bb2 Rfd8 13. Rac1 Qb8 14. e5 Ne8 15. Qd3 Nc7 16. h4 h6 17. Qb1 Qa8 18. cxd5 exd5 19. Nf1 c5 20. Ne3 Ne6 21. Nf5 Bf8 22. Ba3 g6 23. Nd6 Bxd6 24. exd6 Ndf8 25. h5 g5 26. Ne5 Nxd4 27. Rxd4 cxd4 28. Qf5 Rxc1+ 29. Bxc1 Rxd6 30. Qxf7+ Kh8 31. Ba3 Qd8 32. Bxd6 Qxd6 33. Ng6+ 1-0

[Event "Klatovy op-A 24th"]
[Site "Klatovy"]
[Date "2018.06.30"]
[Round "1"]
[White "Molkanov, Oleg"]
[Black "Neuman, Petr"]
[Result "0-1"]
[WhiteElo "2051"]
[BlackElo "2432"]
[PlyCount "96"]
[EventDate "2018.06.30"]
[EventType "swiss"]
[EventRounds "9"]
[EventCountry "CZE"]
[SourceTitle "CBM 185 Extra"]
[Source "ChessBase"]
[SourceDate "2018.07.29"]
[SourceVersion "1"]
[SourceVersionDate "2018.07.29"]
[SourceQuality "1"]

1. Nf3 d6 2. d4 Bg4 3. g3 Nd7 4. Bg2 c6 5. 0-0 e5 6. dxe5 dxe5 7. Be3 Ngf6 8. c4 h6 9. Nc3 Be6 10. b3 Be7 11. h3 0-0 12. Qc2 Qc7 13. Nh4 Bc5 14. Bxc5 Nxc5 15. Nf5 a5 16. Rfd1 Rfd8 17. Rac1 Rxd1+ 18. Rxd1 Rd8 19. g4 Rxd1+ 20. Nxd1 Bxf5 21. Qxf5 Qd7 22. Qxd7 Nfxd7 23. Nc3 Nb8 24. Ne4 Nba6 25. Kf1 Kf8 26. Ke1 Ke7 27. Kd2 Ne6 28. e3 g6 29. Ng3 Nec5 30. Kc3 Ne6 31. a3 Nac7 32. b4 Ne8 33. c5 N8c7 34. Ne4 Nb5+ 35. Kb3 axb4 36. axb4 f5 37. Nc3 Nxc3 38. Kxc3 fxg4 39. hxg4 h5 40. gxh5 gxh5 41. Kc4 Nc7 42. Bh3 h4 43. f4 exf4 44. exf4 Nd5 45. Bc8 b5+ 46. Kd4 Nxf4 47. Bg4 Nd5 48. Ke4 Nf6+ 0-1

[Event "CZE-chT U18 Extraliga final-A 1718"]
[Site "Czech Republic"]
[Date "2018.04.22"]
[Round "11.4"]
[White "Ocko, Dominik"]
[Black "Molkanov, Oleg"]
[Result "1/2-1/2"]
[WhiteElo "1854"]
[BlackElo "1967"]
[PlyCount "115"]
[EventDate "2017.10.07"]
[EventType "team-tourn"]
[EventRounds "11"]
[EventCountry "CZE"]
[SourceTitle "EXT 2023"]
[Source "ChessBase"]
[SourceDate "2022.10.05"]
[SourceVersion "1"]
[SourceVersionDate "2022.10.05"]
[SourceQuality "1"]
[WhiteTeam "Frydek Mistek Interchess (U18)"]
[BlackTeam "Praha Kobylisy (U18)"]
[WhiteTeamCountry "CZE"]
[BlackTeamCountry "CZE"]

1. d4 f5 2. Nc3 Nf6 3. Bf4 d6 4. e3 g6 5. Bd3 Bg7 6. h3 0-0 7. Qd2 Nc6 8. Nf3 e6 9. 0-0-0 Qe7 10. Bg5 Qf7 11. Bc4 Ne4 12. Nxe4 fxe4 13. Nh2 Qxf2 14. Rhf1 Qxd2+ 15. Kxd2 Bd7 16. Ng4 d5 17. Bb5 Ne5 18. Bxd7 Nxd7 19. Nh6+ Bxh6 20. Bxh6 Rxf1 21. Rxf1 Re8 22. c4 c6 23. Rc1 Re7 24. Ke2 Rf7 25. cxd5 exd5 26. Bf4 Kg7 27. Rf1 Kf8 28. Rc1 Ke7 29. Rc3 Kd8 30. Ra3 a6 31. Rc3 Kc8 32. a4 Nb6 33. b3 Kd7 34. Rc1 Na8 35. Rb1 Nc7 36. Be5 b6 37. b4 Rf8 38. Rc1 b5 39. a5 Ne6 40. Rf1 Rf5 41. Rc1 Nd8 42. Rf1 Nf7 43. Rxf5 gxf5 44. Bf4 Ke6 45. Kf2 Nh8 46. Kg3 Ng6 47. Bc7 h5 48. Kf2 Kd7 49. Bb8 Ke6 50. Bc7 Kf6 51. Bd8+ Kg7 52. Bg5 Nf8 53. Bf4 Ne6 54. Bh2 Kg6 55. h4 Ng7 56. Bf4 Ne8 57. Be5 Kf7 58. g3 1/2-1/2

[Event "CZE-chT U18 Extraliga West 1718"]
[Site "Czech Republic"]
[Date "2017.10.08"]
[Round "3.4"]
[White "Molkanov, Oleg"]
[Black "Novotny, Martin"]
[Result "0-1"]
[WhiteElo "1967"]
[BlackElo "1879"]
[PlyCount "76"]
[EventDate "2017.10.07"]
[EventType "team-tourn"]
[EventRounds "11"]
[EventCountry "CZE"]
[SourceTitle "EXT 2023"]
[Source "ChessBase"]
[SourceDate "2022.10.05"]
[SourceVersion "1"]
[SourceVersionDate "2022.10.05"]
[SourceQuality "1"]
[WhiteTeam "Praha Kobylisy (U18)"]
[BlackTeam "Ricany (U18)"]
[WhiteTeamCountry "CZE"]
[BlackTeamCountry "CZE"]

1. d4 Nf6 2. c4 g6 3. Nc3 Bg7 4. Nf3 0-0 5. e4 d6 6. Be2 e5 7. d5 a5 8. 0-0 Na6 9. Bg5 h6 10. Be3 Ng4 11. Bd2 f5 12. exf5 gxf5 13. Ne1 Nc5 14. f3 Nf6 15. Be3 b6 16. Nd3 Qe8 17. Nxc5 bxc5 18. f4 Ng4 19. Bxg4 fxg4 20. fxe5 Qxe5 21. Qd2 Ba6 22. Bxh6 Bxc4 23. Bxg7 Kxg7 24. Rxf8 Rxf8 25. b3 Ba6 26. Re1 Qf6 27. g3 Qd4+ 28. Qxd4+ cxd4 29. Ne2 Re8 30. Kf2 Bxe2 31. Rxe2 Rxe2+ 32. Kxe2 Kf6 33. Kd3 Ke5 34. a3 Kxd5 35. a4 c5 36. Kd2 Ke4 37. Ke2 d5 38. Kf2 d3 0-1

[Event "Klatovy op-A 23rd"]
[Site "Klatovy"]
[Date "2017.07.03"]
[Round "3"]
[White "Molkanov, Oleg"]
[Black "Kubat, Martin"]
[Result "1/2-1/2"]
[WhiteElo "2117"]
[BlackElo "1828"]
[PlyCount "82"]
[EventDate "2017.07.01"]
[EventType "swiss"]
[EventRounds "9"]
[EventCountry "CZE"]
[SourceTitle "EXT 2018"]
[Source "ChessBase"]
[SourceDate "2017.10.13"]
[SourceVersion "1"]
[SourceVersionDate "2017.10.13"]
[SourceQuality "1"]

1. Nf3 Nf6 2. d4 g6 3. c4 Bg7 4. Nc3 d6 5. e4 0-0 6. Be2 e5 7. d5 Nbd7 8. Bg5 h6 9. Bh4 a6 10. Nd2 g5 11. Bg3 Ne8 12. Bg4 Nc5 13. Bxc8 Rxc8 14. Qe2 f5 15. f3 fxe4 16. Ndxe4 Nxe4 17. Nxe4 Nf6 18. h4 Nxe4 19. Qxe4 Qf6 20. 0-0 Qf5 21. Rfe1 gxh4 22. Bxh4 Qxe4 23. Rxe4 Rf4 24. Rae1 Rcf8 25. b3 Rxe4 26. Rxe4 Bf6 27. Bg3 Bg5 28. Kf2 Kh7 29. Ke2 Bc1 30. c5 Rg8 31. Kf2 Bb2 32. cxd6 cxd6 33. Bh4 Bd4+ 34. Kf1 Rg7 35. Bf2 Bxf2 36. Kxf2 Rc7 37. Rb4 b5 38. a4 Rc5 39. axb5 axb5 40. Ke3 Rxd5 41. Ke4 Rc5 1/2-1/2

[Event "Klatovy op-A 23rd"]
[Site "Klatovy"]
[Date "2017.07.02"]
[Round "2"]
[White "Formanek, Martin"]
[Black "Molkanov, Oleg"]
[Result "1-0"]
[WhiteElo "2273"]
[BlackElo "2117"]
[PlyCount "48"]
[EventDate "2017.07.01"]
[EventType "swiss"]
[EventRounds "9"]
[EventCountry "CZE"]
[SourceTitle "EXT 2018"]
[Source "ChessBase"]
[SourceDate "2017.10.13"]
[SourceVersion "1"]
[SourceVersionDate "2017.10.13"]
[SourceQuality "1"]

1. Nf3 f5 2. g3 Nf6 3. Bg2 d6 4. d3 e5 5. c4 Nc6 6. Nc3 g6 7. 0-0 Bg7 8. Rb1 0-0 9. b4 h6 10. b5 Ne7 11. c5 Be6 12. Ba3 Qd7 13. Nd2 Nfd5 14. Na4 f4 15. Ne4 fxg3 16. hxg3 Nf5 17. cxd6 cxd6 18. Nxd6 Nc3 19. Nxc3 Nxd6 20. Bxd6 Qxd6 21. Bxb7 Rab8 22. Bg2 Qd4 23. Qd2 Rf5 24. Ne4 Qd5 1-0

[Event "CZE-chT2A 1617"]
[Site "Czech Republic"]
[Date "2017.02.26"]
[Round "9.8"]
[White "Molkanov, Oleg"]
[Black "Novacek, Josef"]
[Result "1-0"]
[WhiteElo "1920"]
[BlackElo "2152"]
[PlyCount "74"]
[EventDate "2016.10.09"]
[EventType "team-tourn"]
[EventRounds "11"]
[EventCountry "CZE"]
[SourceTitle "EXT 2022"]
[Source "ChessBase"]
[SourceDate "2021.10.06"]
[SourceVersion "1"]
[SourceVersionDate "2021.10.06"]
[SourceQuality "1"]
[WhiteTeam "Praha Kobylisy"]
[BlackTeam "Pankrac II"]
[WhiteTeamCountry "CZE"]
[BlackTeamCountry "CZE"]

1. d4 d5 2. Nf3 c6 3. c4 Nf6 4. Qc2 e6 5. g3 Be7 6. Bg2 0-0 7. 0-0 b6 8. Nbd2 Bb7 9. e4 Nbd7 10. a3 a5 11. Ne5 Rc8 12. Qa4 Nxe5 13. dxe5 Nd7 14. exd5 cxd5 15. cxd5 Nc5 16. Qg4 Bxd5 17. Ne4 Bxe4 18. Bxe4 Nxe4 19. Qxe4 Rc5 20. Be3 Rd5 21. Rac1 Qb8 22. Qc2 Bc5 23. Bf4 h6 24. h4 Rfd8 25. Qe2 b5 26. Rfe1 Qb6 27. Be3 Rxe5 28. Rxc5 Rxc5 29. b4 axb4 30. axb4 Qc6 31. Bxc5 Qd7 32. Ra1 Qc6 33. Rd1 Rxd1+ 34. Qxd1 Qe4 35. Qd6 Qb1+ 36. Kh2 Qf5 37. Qb8+ Kh7 1-0

[Event "CZE-chT U18 Extraliga West 1617"]
[Site "Czech Republic"]
[Date "2017.01.21"]
[Round "7.2"]
[White "Hurdzan, Tomas"]
[Black "Molkanov, Oleg"]
[Result "0-1"]
[WhiteElo "2182"]
[BlackElo "1943"]
[PlyCount "120"]
[EventDate "2016.10.01"]
[EventType "team-tourn"]
[EventRounds "11"]
[EventCountry "CZE"]
[SourceTitle "EXT 2022"]
[Source "ChessBase"]
[SourceDate "2021.10.06"]
[SourceVersion "1"]
[SourceVersionDate "2021.10.06"]
[SourceQuality "1"]
[WhiteTeam "Klatovy U18"]
[BlackTeam "Praha Kobylisy U18"]
[WhiteTeamCountry "CZE"]
[BlackTeamCountry "CZE"]

1. e4 c6 2. d4 d5 3. Nc3 dxe4 4. Nxe4 Bf5 5. Ng3 Bg6 6. h4 h6 7. h5 Bh7 8. Bd3 Bxd3 9. Qxd3 Nd7 10. Nf3 Ngf6 11. Bd2 e6 12. 0-0-0 Bd6 13. Ne4 Nxe4 14. Qxe4 Nf6 15. Qe2 Qc7 16. g3 Rd8 17. Kb1 0-0 18. c4 Rfe8 19. Bc3 Be7 20. Ne5 c5 21. f4 cxd4 22. Rxd4 Bc5 23. Rxd8 Rxd8 24. g4 Nh7 25. g5 hxg5 26. fxg5 Nxg5 27. h6 f6 28. h7+ Nxh7 29. Qh5 g5 30. Ng4 Qg7 31. Qxh7+ Qxh7+ 32. Rxh7 Kxh7 33. Bxf6 Rg8 34. Bc3 Kg6 35. Kc2 Rf8 36. b4 Bd6 37. c5 Bg3 38. a4 Rf5 39. Ne3 Rf2+ 40. Kd3 Bf4 41. Ng4 Rf3+ 42. Kc4 Kf5 43. Nh6+ Ke4 44. b5 Rf1 45. a5 Kf3 46. Nf7 g4 47. c6 bxc6 48. bxc6 g3 49. Bd4 a6 50. Nd8 Rc1+ 51. Kb3 e5 52. Bc3 e4 53. Ne6 Bd6 54. Ng5+ Ke3 55. Kb2 Rxc3 56. Kxc3 g2 57. Nh3 Bc7 58. Kc2 Bxa5 59. Kd1 Bc7 60. Ke1 a5 0-1

[Event "Prague op 16th"]
[Site "Prague"]
[Date "2017.01.17"]
[Round "6"]
[White "Molkanov, Oleg"]
[Black "Ozen, Bahadir"]
[Result "0-1"]
[WhiteElo "1746"]
[BlackElo "2388"]
[PlyCount "76"]
[EventDate "2017.01.13"]
[EventType "swiss"]
[EventRounds "9"]
[EventCountry "CZE"]
[SourceTitle "CBM 176 Extra"]
[Source "ChessBase"]
[SourceDate "2017.03.02"]
[SourceVersion "1"]
[SourceVersionDate "2017.03.02"]
[SourceQuality "1"]

1. d4 d6 2. Nf3 g6 3. c4 Bg7 4. Nc3 e5 5. dxe5 dxe5 6. Qxd8+ Kxd8 7. Ng5 Ke8 8. f4 Ne7 9. g3 h6 10. Nf3 Nbc6 11. Nb5 Kd8 12. fxe5 Be6 13. e4 Nxe5 14. Nxe5 Bxe5 15. Bf4 Nc6 16. 0-0-0+ Kc8 17. h4 Kb8 18. Rh2 b6 19. Rhd2 Kb7 20. Be2 Rae8 21. Bxe5 Nxe5 22. b3 g5 23. Bh5 Rhg8 24. Nd4 gxh4 25. Nxe6 Rxe6 26. gxh4 Rg3 27. Rd8 Rh3 28. Rf8 Rf6 29. Re8 Nd3+ 30. Kc2 Rf2+ 31. Kb1 Nf4 32. Bg4 Rhh2 33. Bc8+ Kc6 34. Bd7+ Kc5 35. a3 Rb2+ 36. Ka1 Ra2+ 37. Kb1 Rhb2+ 38. Kc1 Ne2# 0-1